[Event "Blitz 2018"]
[Site "Saint-Petersburg"]
[Date "2018.12.29"]
[Round "9"]
[Board "67"]
[White "Gordievsky Dmitry (RUS)"]
[Black "Lobanov Sergei (RUS)"]
[Result "1-0"]
[LiveChessVersion "1.4.8"]
[BlackElo "2434"]
[WhiteElo "2591"]

1. Nf3 {[%clk 0:03:03]} d5 {[%clk 0:03:04]} 2. g3 {[%clk 0:03:04]} Nf6
{[%clk 0:03:04]} 3. Bg2 {[%clk 0:03:05]} c6 {[%clk 0:03:02]} 4. c4
{[%clk 0:03:05]} dxc4 {[%clk 0:03:01]} 5. O-O {[%clk 0:03:06]} Nbd7
{[%clk 0:03:02]} 6. Qc2 {[%clk 0:02:58]} Nb6 {[%clk 0:03:03]} 7. a4
{[%clk 0:02:59]} a5 {[%clk 0:02:58]} 8. Na3 {[%clk 0:03:00]} Be6 {[%clk 0:02:59]}
9. Ng5 {[%clk 0:02:38]} Bg4 {[%clk 0:02:58]} 10. Nxc4 {[%clk 0:02:26]} Bxe2
{[%clk 0:02:15]} 11. Ne5 {[%clk 0:02:27]} Bh5 {[%clk 0:02:15]} 12. b4
{[%clk 0:02:26]} h6 {[%clk 0:01:08]} 13. Nh3 {[%clk 0:02:08]} e6 {[%clk 0:00:47]}
14. b5 {[%clk 0:01:57]} Bd6 {[%clk 0:00:45]} 15. d4 {[%clk 0:01:55]} Nbd5
{[%clk 0:00:36]} 16. bxc6 {[%clk 0:01:39]} Rc8 {[%clk 0:00:38]} 17. Nf4
{[%clk 0:01:32]} Nxf4 {[%clk 0:00:26]} 18. Bxf4 {[%clk 0:01:30]} O-O
{[%clk 0:00:26]} 19. Qb2 {[%clk 0:01:00]} bxc6 {[%clk 0:00:25]} 20. Nxc6
{[%clk 0:00:57]} Qd7 {[%clk 0:00:16]} 21. Bxd6 {[%clk 0:00:50]} Qxd6
{[%clk 0:00:17]} 22. Nxa5 {[%clk 0:00:50]} Nd5 {[%clk 0:00:13]} 23. Nb7
{[%clk 0:00:47]} Qa6 {[%clk 0:00:07]} 24. Nc5 {[%clk 0:00:44]} Qa5
{[%clk 0:00:09]} 25. Qb5 {[%clk 0:00:37]} Ra8 {[%clk 0:00:05]} 26. Qxa5
{[%clk 0:00:31]} Rxa5 {[%clk 0:00:07]} 27. Bxd5 {[%clk 0:00:30]} exd5
{[%clk 0:00:07]} 28. Rfb1 {[%clk 0:00:29]} Be2 {[%clk 0:00:07]} 29. Kg2
{[%clk 0:00:23]} Bc4 {[%clk 0:00:09]} 30. Nb7 {[%clk 0:00:22]} Ra6
{[%clk 0:00:09]} 31. Nc5 {[%clk 0:00:14]} Ra5 {[%clk 0:00:10]} 32. Rb7
{[%clk 0:00:14]} Re8 {[%clk 0:00:06]} 33. Rab1 {[%clk 0:00:11]} Raa8
{[%clk 0:00:05]} 34. Rc7 {[%clk 0:00:11]} Reb8 {[%clk 0:00:05]} 35. Rbb7
{[%clk 0:00:08]} Rxb7 {[%clk 0:00:04]} 36. Rxb7 {[%clk 0:00:09]} Kf8
{[%clk 0:00:04]} 37. Kf3 {[%clk 0:00:09]} Re8 {[%clk 0:00:04]} 38. a5
{[%clk 0:00:09]} Ra8 {[%clk 0:00:05]} 39. Nd7+ {[%clk 0:00:05]} Ke8
{[%clk 0:00:05]} 40. Ne5 {[%clk 0:00:06]} f6 {[%clk 0:00:03]} 41. Nxc4
{[%clk 0:00:07]} dxc4 {[%clk 0:00:04]} 42. Rxg7 {[%clk 0:00:07]} Rxa5
{[%clk 0:00:04]} 43. Rc7 {[%clk 0:00:07]} Ra4 {[%clk 0:00:04]} 44. g4
{[%clk 0:00:05]} Kd8 {[%clk 0:00:05]} 45. Rc5 {[%clk 0:00:06]} Ke7
{[%clk 0:00:06]} 46. h4 {[%clk 0:00:07]} Ke6 {[%clk 0:00:05]} 47. Ke4
{[%clk 0:00:07]} Ra2 {[%clk 0:00:05]} 48. f3 {[%clk 0:00:07]} Re2+
{[%clk 0:00:05]} 49. Kf4 {[%clk 0:00:08]} Rc2 {[%clk 0:00:06]} 50. Ke3
{[%clk 0:00:07]} Rc3+ {[%clk 0:00:07]} 51. Ke4 {[%clk 0:00:08]} Rc1
{[%clk 0:00:07]} 52. Rc6+ {[%clk 0:00:09]} Ke7 {[%clk 0:00:07]} 53. d5
{[%clk 0:00:08]} c3 {[%clk 0:00:08]} 54. Kd3 {[%clk 0:00:07]} Rf1
{[%clk 0:00:07]} 55. Ke2 {[%clk 0:00:04]} Rc1 {[%clk 0:00:07]} 56. h5
{[%clk 0:00:05]} c2 {[%clk 0:00:06]} 57. Kd2 {[%clk 0:00:04]} Rd1+
{[%clk 0:00:04]} 58. Kxc2 {[%clk 0:00:05]} Rxd5 {[%clk 0:00:05]} 59. Kc3
{[%clk 0:00:03]} Rd1 {[%clk 0:00:05]} 60. Rc5 {[%clk 0:00:05]} Rf1
{[%clk 0:00:06]} 61. Rf5 {[%clk 0:00:06]} Rd1 {[%clk 0:00:07]} 62. Kc2
{[%clk 0:00:06]} Rd4 {[%clk 0:00:07]} 63. Kc3 {[%clk 0:00:07]} Rd1
{[%clk 0:00:08]} 64. Rf4 {[%clk 0:00:08]} Kf7 {[%clk 0:00:09]} 65. Rd4
{[%clk 0:00:09]} Rf1 {[%clk 0:00:08]} 66. Rd3 {[%clk 0:00:09]} Ra1
{[%clk 0:00:05]} 67. Kd4 {[%clk 0:00:10]} Ra4+ {[%clk 0:00:06]} 68. Ke3
{[%clk 0:00:11]} Ke6 {[%clk 0:00:06]} 69. Rb3 {[%clk 0:00:12]} Ra7
{[%clk 0:00:04]} 70. Rb6+ {[%clk 0:00:12]} Kf7 {[%clk 0:00:05]} 71. Rd6
{[%clk 0:00:13]} Ke7 {[%clk 0:00:05]} 72. Rd5 Kf7 73. Kf4 {[%clk 0:00:14]} Ra3
{[%clk 0:00:06]} 74. Rd7+ {[%clk 0:00:14]} Kg8 {[%clk 0:00:06]} 75. Rb7
{[%clk 0:00:14]} Rc3 {[%clk 0:00:07]} 76. Ke4 {[%clk 0:00:15]} Rc5
{[%clk 0:00:06]} 77. Rd7 {[%clk 0:00:15]} Ra5 {[%clk 0:00:04]} 78. Rd5
{[%clk 0:00:16]} Ra7 {[%clk 0:00:05]} 79. Rc5 {[%clk 0:00:14]} Kf7
{[%clk 0:00:05]} 80. Kd5 {[%clk 0:00:15]} Rd7+ {[%clk 0:00:05]} 81. Ke4
{[%clk 0:00:15]} Ra7 {[%clk 0:00:07]} 82. Rc6 {[%clk 0:00:15]} Rb7
{[%clk 0:00:06]} 83. Kd5 {[%clk 0:00:15]} Rb5+ {[%clk 0:00:05]} 84. Rc5
{[%clk 0:00:15]} Rb7 {[%clk 0:00:06]} 85. Kd6 {[%clk 0:00:14]} Rb3
{[%clk 0:00:08]} 86. Rf5 {[%clk 0:00:10]} Rd3+ {[%clk 0:00:08]} 87. Kc5
{[%clk 0:00:11]} Ke6 {[%clk 0:00:09]} 88. Kc4 {[%clk 0:00:12]} Rd1
{[%clk 0:00:07]} 89. Rf4 {[%clk 0:00:11]} Kf7 {[%clk 0:00:05]} 90. Rd4
{[%clk 0:00:12]} Rf1 {[%clk 0:00:05]} 91. Rd3 {[%clk 0:00:12]} Ke6
{[%clk 0:00:06]} 92. Re3+ {[%clk 0:00:12]} Kf7 {[%clk 0:00:07]} 93. Kd4
{[%clk 0:00:14]} Ra1 {[%clk 0:00:08]} 94. Ke4 {[%clk 0:00:14]} Ra4+
{[%clk 0:00:09]} 95. Kf5 {[%clk 0:00:15]} Ra5+ {[%clk 0:00:10]} 96. Kf4
{[%clk 0:00:16]} Ra4+ {[%clk 0:00:11]} 97. Re4 {[%clk 0:00:17]} Ra3
{[%clk 0:00:12]} 98. Rb4 {[%clk 0:00:18]} Ra7 {[%clk 0:00:13]} 99. Ke4
{[%clk 0:00:18]} Rd7 {[%clk 0:00:12]} 100. f4 {[%clk 0:00:19]} Ra7
{[%clk 0:00:10]} 101. Rc4 {[%clk 0:00:18]} Rb7 {[%clk 0:00:11]} 102. Rd4
{[%clk 0:00:19]} Ra7 {[%clk 0:00:13]} 103. Rc4 {[%clk 0:00:12]} Rb7
{[%clk 0:00:14]} 104. Kd5 {[%clk 0:00:13]} Rd7+ {[%clk 0:00:13]} 105. Ke4
{[%clk 0:00:13]} Ra7 {[%clk 0:00:14]} 106. Rb4 {[%clk 0:00:14]} Rc7
{[%clk 0:00:15]} 107. Rb6 {[%clk 0:00:14]} Ra7 {[%clk 0:00:15]} 108. Kd5
{[%clk 0:00:11]} Ra4 {[%clk 0:00:08]} 109. Rb7+ {[%clk 0:00:12]} Kg8
{[%clk 0:00:10]} 110. f5 {[%clk 0:00:13]} Ra6 {[%clk 0:00:07]} 111. Rc7
{[%clk 0:00:13]} Rb6 {[%clk 0:00:05]} 112. Rc6 {[%clk 0:00:13]} Rb5+
{[%clk 0:00:03]} 113. Ke6 {[%clk 0:00:14]} Rb4 {[%clk 0:00:04]} 114. Kxf6
{[%clk 0:00:14]} Rxg4 {[%clk 0:00:05]} 115. Rc8+ {[%clk 0:00:13]} Kh7
{[%clk 0:00:07]} 116. Rc7+ {[%clk 0:00:14]} Kg8 {[%clk 0:00:08]} 117. Rc8+
{[%clk 0:00:11]} Kh7 {[%clk 0:00:09]} 118. Rc5 {[%clk 0:00:12]} Rg5
{[%clk 0:00:09]} 119. Rc7+ {[%clk 0:00:08]} Kg8 {[%clk 0:00:10]} 120. Rc8+
{[%clk 0:00:06]} Kh7 {[%clk 0:00:12]} 121. Ke6 {[%clk 0:00:06]} Rg1
{[%clk 0:00:09]} 122. f6 {[%clk 0:00:06]} Re1+ {[%clk 0:00:10]} 123. Kf7
{[%clk 0:00:07]} Rf1 {[%clk 0:00:09]} 124. Rc5 {[%clk 0:00:07]} Re1
{[%clk 0:00:06]} 125. Rc4 {[%clk 0:00:08]} Re5 {[%clk 0:00:06]} 126. Rc7
{[%clk 0:00:07]} Re1 {[%clk 0:00:05]} 127. Re7 {[%clk 0:00:08]} Rf1
{[%clk 0:00:04]} 128. Ke8+ {[%clk 0:00:08]} Kg8 {[%clk 0:00:00]} 129. f7+
{[%clk 0:00:08]} 1-0

[Event "Blitz 2018"]
[Site "Saint-Petersburg"]
[Date "2018.12.29"]
[Round "9"]
[Board "68"]
[White "Pantsulaia Levan (GEO)"]
[Black "Gutenev Alexander (RUS)"]
[Result "1-0"]
[LiveChessVersion "1.4.8"]
[BlackElo "2419"]
[WhiteElo "2584"]

1. Nf3 {[%clk 0:03:03]} Nf6 {[%clk 0:03:03]} 2. g3 {[%clk 0:03:04]} g6
{[%clk 0:03:01]} 3. b3 {[%clk 0:03:05]} b6 {[%clk 0:03:02]} 4. Bg2
{[%clk 0:03:05]} Bb7 {[%clk 0:03:03]} 5. c4 {[%clk 0:03:00]} Bg7 {[%clk 0:03:03]}
6. d4 {[%clk 0:02:53]} O-O {[%clk 0:03:03]} 7. O-O {[%clk 0:02:52]} e6
{[%clk 0:02:59]} 8. Bb2 {[%clk 0:02:50]} Ne4 {[%clk 0:02:58]} 9. Nfd2
{[%clk 0:02:37]} d5 {[%clk 0:02:49]} 10. Nxe4 {[%clk 0:02:37]} dxe4
{[%clk 0:02:50]} 11. e3 {[%clk 0:02:37]} c5 {[%clk 0:02:06]} 12. Nc3
{[%clk 0:02:38]} cxd4 {[%clk 0:01:52]} 13. exd4 {[%clk 0:02:02]} Qxd4
{[%clk 0:01:46]} 14. Qe2 {[%clk 0:02:03]} Na6 {[%clk 0:01:30]} 15. Rab1
{[%clk 0:01:44]} Qd6 {[%clk 0:00:52]} 16. Bxe4 {[%clk 0:01:35]} Bxe4
{[%clk 0:00:33]} 17. Nxe4 {[%clk 0:01:36]} Qe7 {[%clk 0:00:34]} 18. Rbd1
{[%clk 0:01:17]} Rad8 {[%clk 0:00:30]} 19. Qc2 {[%clk 0:01:09]} Nb4
{[%clk 0:00:22]} 20. Qb1 {[%clk 0:01:06]} Rxd1 {[%clk 0:00:16]} 21. Rxd1
{[%clk 0:01:07]} Rd8 {[%clk 0:00:15]} 22. Bxg7 {[%clk 0:01:00]} Rxd1+
{[%clk 0:00:12]} 23. Qxd1 {[%clk 0:01:01]} Kxg7 {[%clk 0:00:13]} 24. a3
{[%clk 0:00:58]} Nc6 {[%clk 0:00:13]} 25. b4 {[%clk 0:00:58]} e5 {[%clk 0:00:11]}
26. Qd5 {[%clk 0:00:58]} Nd4 {[%clk 0:00:12]} 27. Nd6 {[%clk 0:00:51]} Nc2
{[%clk 0:00:09]} 28. c5 {[%clk 0:00:45]} bxc5 {[%clk 0:00:09]} 29. bxc5
{[%clk 0:00:46]} Nxa3 {[%clk 0:00:10]} 30. c6 {[%clk 0:00:47]} a6
{[%clk 0:00:08]} 31. c7 {[%clk 0:00:47]} 1-0

[Event "Blitz 2018"]
[Site "Saint-Petersburg"]
[Date "2018.12.29"]
[Round "9"]
[Board "69"]
[White "Popov Valerij (RUS)"]
[Black "Makoveev Ilya (RUS)"]
[Result "1-0"]
[LiveChessVersion "1.4.8"]
[BlackElo "2243"]
[WhiteElo "2574"]

1. e4 {[%clk 0:03:02]} c5 {[%clk 0:03:03]} 2. Ne2 {[%clk 0:03:03]} d6
{[%clk 0:03:02]} 3. g3 {[%clk 0:03:04]} g6 {[%clk 0:03:03]} 4. Bg2
{[%clk 0:03:05]} Bg7 {[%clk 0:03:04]} 5. c3 {[%clk 0:03:06]} e5 {[%clk 0:02:57]}
6. d4 {[%clk 0:03:07]} cxd4 {[%clk 0:02:55]} 7. cxd4 {[%clk 0:03:09]} exd4
{[%clk 0:02:55]} 8. Nxd4 {[%clk 0:03:08]} Ne7 {[%clk 0:02:55]} 9. Nc3
{[%clk 0:03:05]} O-O {[%clk 0:02:52]} 10. O-O {[%clk 0:03:04]} Nbc6
{[%clk 0:01:36]} 11. Be3 {[%clk 0:03:04]} Ne5 {[%clk 0:01:26]} 12. h3
{[%clk 0:02:59]} Nc4 {[%clk 0:01:17]} 13. Bc1 {[%clk 0:02:59]} Nc6
{[%clk 0:01:12]} 14. Nde2 {[%clk 0:02:48]} Be6 {[%clk 0:01:09]} 15. b3
{[%clk 0:02:47]} Nb6 {[%clk 0:01:06]} 16. Bf4 {[%clk 0:02:43]} Ne5
{[%clk 0:00:35]} 17. Kh2 {[%clk 0:02:38]} Rc8 {[%clk 0:00:33]} 18. Rc1
{[%clk 0:02:36]} Qd7 {[%clk 0:00:28]} 19. Nd4 {[%clk 0:02:23]} Rfd8
{[%clk 0:00:21]} 20. Qd2 {[%clk 0:02:20]} a6 {[%clk 0:00:14]} 21. Bg5
{[%clk 0:02:13]} f6 {[%clk 0:00:10]} 22. Be3 {[%clk 0:02:14]} Bf7
{[%clk 0:00:05]} 23. Rfd1 {[%clk 0:02:02]} Na8 {[%clk 0:00:03]} 24. f4
{[%clk 0:01:53]} Nc6 {[%clk 0:00:05]} 25. Nde2 {[%clk 0:01:40]} Nc7
{[%clk 0:00:04]} 26. Bb6 {[%clk 0:01:41]} Bf8 27. Nd5 {[%clk 0:01:38]} Bxd5
{[%clk 0:00:03]} 28. exd5 {[%clk 0:01:38]} Ne7 {[%clk 0:00:04]} 29. Nd4
{[%clk 0:01:31]} Re8 {[%clk 0:00:05]} 30. Nc2 {[%clk 0:00:55]} Na8
{[%clk 0:00:04]} 31. Bd4 {[%clk 0:00:52]} Bg7 {[%clk 0:00:05]} 32. Ne3
{[%clk 0:00:48]} Nc7 {[%clk 0:00:05]} 33. a4 {[%clk 0:00:43]} Rf8
{[%clk 0:00:03]} 34. Qb4 {[%clk 0:00:43]} Ne8 {[%clk 0:00:03]} 35. Rxc8
{[%clk 0:00:39]} Nxc8 {[%clk 0:00:04]} 36. f5 {[%clk 0:00:33]} Bh6
{[%clk 0:00:03]} 37. Ng4 {[%clk 0:00:33]} Bg7 {[%clk 0:00:04]} 38. Rf1
{[%clk 0:00:34]} g5 {[%clk 0:00:05]} 39. Ne3 {[%clk 0:00:32]} h5 {[%clk 0:00:06]}
40. Bf3 {[%clk 0:00:31]} Qf7 {[%clk 0:00:06]} 41. Qd2 {[%clk 0:00:29]} Kh7
{[%clk 0:00:07]} 42. Qd1 {[%clk 0:00:30]} Kh6 {[%clk 0:00:05]} 43. Bb2
{[%clk 0:00:31]} Ne7 44. Bc1 Bh8 {[%clk 0:00:04]} 45. h4 {[%clk 0:00:34]} Ng7
{[%clk 0:00:04]} 46. hxg5+ {[%clk 0:00:34]} fxg5 47. g4 h4 {[%clk 0:00:04]} 48.
Ng2 {[%clk 0:00:35]} Ne8 {[%clk 0:00:03]} 49. Nxh4 Be5+ 50. Kg1 {[%clk 0:00:35]}
Nf6 {[%clk 0:00:05]} 51. Ng2 {[%clk 0:00:34]} Rh8 {[%clk 0:00:05]} 52. Be3
{[%clk 0:00:33]} Nexd5 {[%clk 0:00:05]} 53. Bd4 {[%clk 0:00:30]} Kg7
{[%clk 0:00:04]} 54. Re1 {[%clk 0:00:30]} Re8 {[%clk 0:00:05]} 55. Bxe5
{[%clk 0:00:29]} Rxe5 {[%clk 0:00:06]} 56. Rxe5 {[%clk 0:00:30]} dxe5 57. Qd2 Kh6
{[%clk 0:00:06]} 58. Bxd5 {[%clk 0:00:28]} Nxd5 {[%clk 0:00:04]} 59. Ne1
{[%clk 0:00:27]} Nf4 {[%clk 0:00:05]} 60. Nf3 {[%clk 0:00:25]} Qxb3
{[%clk 0:00:04]} 61. Kf2 {[%clk 0:00:22]} Qf7 {[%clk 0:00:03]} 62. Nxe5
{[%clk 0:00:22]} Qe7 {[%clk 0:00:04]} 63. Nf3 {[%clk 0:00:21]} Qc5+
{[%clk 0:00:05]} 64. Qd4 {[%clk 0:00:20]} Qc2+ {[%clk 0:00:04]} 65. Nd2
{[%clk 0:00:22]} Qc7 {[%clk 0:00:03]} 66. Qh8+ {[%clk 0:00:21]} Qh7
{[%clk 0:00:03]} 67. Qxh7+ {[%clk 0:00:20]} Kxh7 {[%clk 0:00:04]} 68. Ne4
{[%clk 0:00:20]} Kh6 {[%clk 0:00:04]} 69. Nc5 {[%clk 0:00:21]} b6
{[%clk 0:00:03]} 70. Nxa6 {[%clk 0:00:22]} Nd5 {[%clk 0:00:04]} 71. Kf3
{[%clk 0:00:15]} Nc3 {[%clk 0:00:05]} 72. Nc7 {[%clk 0:00:15]} Nxa4
{[%clk 0:00:05]} 73. Ke4 {[%clk 0:00:16]} Kg7 74. Ke5 {[%clk 0:00:14]} Kf7
{[%clk 0:00:03]} 75. Nb5 {[%clk 0:00:14]} Nc5 {[%clk 0:00:04]} 76. Nd6+
{[%clk 0:00:16]} Kg7 {[%clk 0:00:03]} 77. Ne4 {[%clk 0:00:14]} Nd7+
{[%clk 0:00:03]} 78. Kd6 {[%clk 0:00:15]} Nf8 {[%clk 0:00:03]} 79. Nxg5
{[%clk 0:00:15]} b5 {[%clk 0:00:04]} 80. Kc5 {[%clk 0:00:14]} Kf6
{[%clk 0:00:05]} 81. Nf3 {[%clk 0:00:11]} Nd7+ {[%clk 0:00:04]} 82. Kxb5
{[%clk 0:00:12]} Kf7 {[%clk 0:00:04]} 83. g5 {[%clk 0:00:10]} Nf6
{[%clk 0:00:03]} 84. Kc4 Nh5 {[%clk 0:00:03]} 85. Kd5 {[%clk 0:00:09]} Ng3
{[%clk 0:00:04]} 86. Ke5 {[%clk 0:00:10]} Kg7 {[%clk 0:00:05]} 87. Nd2
{[%clk 0:00:09]} Nh5 {[%clk 0:00:05]} 88. Ne4 {[%clk 0:00:10]} Kf7
{[%clk 0:00:05]} 89. Nd6+ {[%clk 0:00:10]} Kg7 {[%clk 0:00:04]} 90. Nc4
{[%clk 0:00:09]} Kf7 {[%clk 0:00:04]} 91. Nd2 {[%clk 0:00:09]} Kg7
{[%clk 0:00:05]} 92. Nf1 {[%clk 0:00:10]} Kf7 93. Ke4 Ng7 {[%clk 0:00:04]} 94.
Ng3 {[%clk 0:00:13]} Ne8 {[%clk 0:00:04]} 95. Ke5 {[%clk 0:00:14]} Kg7
{[%clk 0:00:03]} 96. Nh5+ {[%clk 0:00:14]} Kf8 97. Ke4 1-0

[Event "Blitz 2018"]
[Site "Saint-Petersburg"]
[Date "2018.12.29"]
[Round "9"]
[Board "70"]
[White "Zubritskiy Artyom (RUS)"]
[Black "Moiseenko Vadim (RUS)"]
[Result "1-0"]
[LiveChessVersion "1.4.8"]
[BlackElo "2560"]
[WhiteElo "2513"]

1. c4 {[%clk 0:03:03]} b6 {[%clk 0:02:59]} 2. Nc3 {[%clk 0:03:02]} Bb7
{[%clk 0:03:01]} 3. e4 {[%clk 0:03:04]} e6 {[%clk 0:02:54]} 4. Nge2
{[%clk 0:02:57]} Nf6 {[%clk 0:02:54]} 5. d3 {[%clk 0:02:57]} d5 {[%clk 0:02:49]}
6. cxd5 {[%clk 0:02:43]} exd5 {[%clk 0:02:50]} 7. e5 {[%clk 0:02:45]} d4
{[%clk 0:02:47]} 8. Qa4+ {[%clk 0:02:18]} Nc6 {[%clk 0:02:24]} 9. exf6
{[%clk 0:02:19]} dxc3 {[%clk 0:01:53]} 10. Qe4+ {[%clk 0:02:19]} Kd7
{[%clk 0:01:55]} 11. Qg4+ {[%clk 0:02:11]} Kd6 {[%clk 0:01:39]} 12. fxg7
{[%clk 0:02:00]} Bxg7 {[%clk 0:01:18]} 13. Qxg7 {[%clk 0:01:59]} Qe7
{[%clk 0:00:46]} 14. Qxc3 {[%clk 0:01:17]} Rae8 {[%clk 0:00:47]} 15. Qa3+
{[%clk 0:01:00]} Kd7 {[%clk 0:00:47]} 16. Qxe7+ {[%clk 0:01:00]} Rxe7
{[%clk 0:00:48]} 17. Bg5 {[%clk 0:00:58]} Re6 {[%clk 0:00:48]} 18. Kd2
{[%clk 0:00:45]} Rhe8 {[%clk 0:00:48]} 19. Nc3 {[%clk 0:00:38]} Nd4
{[%clk 0:00:48]} 20. Be3 {[%clk 0:00:37]} Nf5 {[%clk 0:00:49]} 21. Re1
{[%clk 0:00:37]} c5 {[%clk 0:00:50]} 22. Rg1 {[%clk 0:00:34]} Nh4
{[%clk 0:00:51]} 23. Be2 {[%clk 0:00:14]} f5 {[%clk 0:00:47]} 24. g3
{[%clk 0:00:14]} Ng2 {[%clk 0:00:47]} 25. Bh5 {[%clk 0:00:11]} R8e7
{[%clk 0:00:47]} 26. Re2 {[%clk 0:00:11]} Nxe3 {[%clk 0:00:18]} 27. Rxe3
{[%clk 0:00:12]} Rh6 {[%clk 0:00:19]} 28. Rxe7+ {[%clk 0:00:10]} Kxe7
{[%clk 0:00:20]} 29. Be2 {[%clk 0:00:10]} Rxh2 {[%clk 0:00:21]} 30. Ke3
{[%clk 0:00:10]} Kf6 {[%clk 0:00:23]} 31. Bf3 {[%clk 0:00:10]} Bxf3
{[%clk 0:00:23]} 32. Kxf3 {[%clk 0:00:11]} h5 {[%clk 0:00:23]} 33. Nd5+
{[%clk 0:00:11]} Ke5 {[%clk 0:00:24]} 34. Nf4 {[%clk 0:00:11]} Kd6
{[%clk 0:00:19]} 35. Ng6 {[%clk 0:00:08]} Kd5 {[%clk 0:00:17]} 36. Nh4
{[%clk 0:00:07]} f4 {[%clk 0:00:17]} 37. Kxf4 {[%clk 0:00:04]} Rxf2+
{[%clk 0:00:17]} 38. Nf3 {[%clk 0:00:05]} Rxb2 {[%clk 0:00:18]} 39. Rh1
{[%clk 0:00:06]} Rb4+ {[%clk 0:00:16]} 40. Ke3 {[%clk 0:00:06]} Ra4
{[%clk 0:00:11]} 41. Rxh5+ {[%clk 0:00:07]} Ke6 {[%clk 0:00:12]} 42. Rh2
{[%clk 0:00:08]} Kf5 {[%clk 0:00:13]} 43. Rg2 {[%clk 0:00:06]} Kg4
{[%clk 0:00:14]} 44. Ne1 {[%clk 0:00:06]} b5 {[%clk 0:00:11]} 45. Nf3
{[%clk 0:00:06]} Kh3 {[%clk 0:00:09]} 46. Rc2 {[%clk 0:00:06]} c4
{[%clk 0:00:09]} 47. dxc4 {[%clk 0:00:06]} Kxg3 {[%clk 0:00:09]} 48. Ne5
{[%clk 0:00:05]} bxc4 {[%clk 0:00:10]} 49. Nxc4 {[%clk 0:00:06]} Kg4
{[%clk 0:00:09]} 50. Kd4 {[%clk 0:00:06]} Kf5 {[%clk 0:00:11]} 51. Kc5
{[%clk 0:00:06]} a6 {[%clk 0:00:11]} 52. a3 {[%clk 0:00:06]} Ke4 {[%clk 0:00:11]}
53. Rd2 {[%clk 0:00:07]} Kf5 {[%clk 0:00:10]} 54. Rd6 {[%clk 0:00:05]} Kg5
{[%clk 0:00:03]} 55. Rb6 {[%clk 0:00:05]} Kf5 {[%clk 0:00:04]} 56. Rb4
{[%clk 0:00:06]} 1-0

[Event "Blitz 2018"]
[Site "Saint-Petersburg"]
[Date "2018.12.29"]
[Round "9"]
[Board "71"]
[White "Carlsson Pontus (SWE)"]
[Black "Sakaev Konstantin (RUS)"]
[Result "1-0"]
[LiveChessVersion "1.4.8"]
[BlackElo "2551"]
[WhiteElo "2511"]

1. e4 {[%clk 0:03:03]} c5 {[%clk 0:03:03]} 2. Nf3 {[%clk 0:03:04]} d6
{[%clk 0:03:04]} 3. Bb5+ {[%clk 0:03:03]} Nd7 {[%clk 0:03:05]} 4. d4
{[%clk 0:03:04]} cxd4 {[%clk 0:03:05]} 5. Qxd4 {[%clk 0:03:05]} a6
{[%clk 0:03:06]} 6. Bxd7+ {[%clk 0:03:06]} Bxd7 {[%clk 0:03:06]} 7. c4
{[%clk 0:03:06]} e5 {[%clk 0:03:02]} 8. Qd3 {[%clk 0:03:07]} Qc7 {[%clk 0:02:56]}
9. O-O {[%clk 0:02:57]} b5 {[%clk 0:02:25]} 10. b3 {[%clk 0:02:53]} bxc4
{[%clk 0:02:23]} 11. bxc4 {[%clk 0:02:54]} Rc8 {[%clk 0:02:20]} 12. Na3
{[%clk 0:02:48]} Be7 {[%clk 0:02:13]} 13. Be3 {[%clk 0:02:42]} Nf6
{[%clk 0:02:14]} 14. Rfc1 {[%clk 0:02:39]} O-O {[%clk 0:02:10]} 15. Nd2
{[%clk 0:02:38]} Ng4 {[%clk 0:02:06]} 16. Nf1 {[%clk 0:02:34]} Bc6
{[%clk 0:02:02]} 17. Bd2 {[%clk 0:02:19]} Nf6 {[%clk 0:01:45]} 18. f3
{[%clk 0:02:17]} Nd7 {[%clk 0:01:46]} 19. Ne3 {[%clk 0:02:12]} Nc5
{[%clk 0:01:47]} 20. Qe2 {[%clk 0:02:12]} Bg5 {[%clk 0:01:25]} 21. Nf5
{[%clk 0:02:12]} Bxd2 {[%clk 0:01:16]} 22. Qxd2 {[%clk 0:02:12]} Rfd8
{[%clk 0:01:17]} 23. Nc2 {[%clk 0:02:04]} a5 {[%clk 0:01:07]} 24. Nce3
{[%clk 0:02:04]} Qa7 {[%clk 0:01:01]} 25. Kh1 {[%clk 0:02:05]} Ne6
{[%clk 0:01:00]} 26. Rd1 {[%clk 0:02:00]} g6 {[%clk 0:01:00]} 27. Nh6+
{[%clk 0:01:58]} Kg7 {[%clk 0:00:59]} 28. Nhg4 {[%clk 0:01:58]} h5
{[%clk 0:00:54]} 29. Nf5+ {[%clk 0:01:54]} Rh8 {[%clk 0:00:28]} 1-0

[Event "Blitz 2018"]
[Site "Saint-Petersburg"]
[Date "2018.12.29"]
[Round "9"]
[Board "72"]
[White "Bilguun Sumiya (MGL)"]
[Black "Al-Sayed Mohammed (QAT)"]
[Result "1-0"]
[LiveChessVersion "1.4.8"]
[BlackElo "2547"]
[WhiteElo "2469"]

1. e4 {[%clk 0:03:03]} c5 {[%clk 0:03:03]} 2. Nf3 {[%clk 0:03:03]} d6
{[%clk 0:03:04]} 3. c3 {[%clk 0:03:04]} Nf6 {[%clk 0:03:05]} 4. Bd3
{[%clk 0:03:04]} g6 {[%clk 0:03:05]} 5. O-O {[%clk 0:03:01]} Nc6 {[%clk 0:03:05]}
6. Bc2 {[%clk 0:03:02]} Bg4 {[%clk 0:03:03]} 7. h3 {[%clk 0:03:02]} Bxf3
{[%clk 0:03:04]} 8. Qxf3 {[%clk 0:03:03]} Bh6 {[%clk 0:02:58]} 9. b3
{[%clk 0:02:54]} O-O {[%clk 0:02:57]} 10. Bb2 {[%clk 0:02:55]} b5
{[%clk 0:02:39]} 11. Rd1 {[%clk 0:02:49]} e5 {[%clk 0:02:25]} 12. Bd3
{[%clk 0:02:27]} Rb8 {[%clk 0:02:19]} 13. Bf1 {[%clk 0:02:24]} d5
{[%clk 0:01:33]} 14. exd5 {[%clk 0:02:01]} e4 {[%clk 0:01:34]} 15. Qe2
{[%clk 0:02:01]} Qxd5 {[%clk 0:01:22]} 16. c4 {[%clk 0:02:02]} Qf5
{[%clk 0:01:23]} 17. Bxf6 {[%clk 0:01:59]} Qxf6 {[%clk 0:01:24]} 18. Nc3
{[%clk 0:02:01]} bxc4 {[%clk 0:01:07]} 19. Nxe4 {[%clk 0:02:01]} Qd8
{[%clk 0:00:35]} 20. Qxc4 {[%clk 0:01:54]} Bg7 {[%clk 0:00:36]} 21. Rac1
{[%clk 0:01:47]} Rb4 {[%clk 0:00:35]} 22. Qxc5 {[%clk 0:01:42]} Rxe4
{[%clk 0:00:34]} 23. Qxc6 {[%clk 0:01:43]} Re6 {[%clk 0:00:20]} 24. Qc7
{[%clk 0:01:43]} Bd4 {[%clk 0:00:16]} 25. Qxd8 {[%clk 0:01:39]} Rxd8
{[%clk 0:00:17]} 26. Bc4 {[%clk 0:01:29]} Rf6 {[%clk 0:00:18]} 27. Rf1
{[%clk 0:01:30]} Bb6 {[%clk 0:00:16]} 28. Rcd1 {[%clk 0:01:31]} Rd4
{[%clk 0:00:17]} 29. g3 {[%clk 0:01:28]} h5 {[%clk 0:00:18]} 30. Kg2
{[%clk 0:01:12]} h4 {[%clk 0:00:17]} 31. d3 {[%clk 0:01:13]} Kf8 32. Rde1 Rdd6
{[%clk 0:00:05]} 33. Re4 {[%clk 0:00:49]} hxg3 {[%clk 0:00:06]} 34. fxg3
{[%clk 0:00:46]} Rxf1 {[%clk 0:00:04]} 35. Kxf1 {[%clk 0:00:47]} Kg7
{[%clk 0:00:05]} 36. Ke2 {[%clk 0:00:46]} Kf8 {[%clk 0:00:00]} 1-0